Central Library OPAC University of Rajshahi

A practical handbook on stress in Russian / (Record no. 10541)

MARC details
000 -LEADER
fixed length control field 00755cam a2200241 4500
001 - CONTROL NUMBER
control field 10541
003 - CONTROL NUMBER IDENTIFIER
rucl marc code BD-RjUL
005 - DATE AND TIME OF LATEST TRANSACTION
control field 20211208234955.0
008 - FIXED-LENGTH DATA ELEMENTS--GENERAL INFORMATION
fixed length control field 140125s1964 ru 000 0 eng
035 ## - SYSTEM CONTROL NUMBER
System control number (BD-RjUL) 10589
040 ## - CATALOGING SOURCE
Original cataloging agency DLC
Transcribing agency DLC
Modifying agency DLC
-- BD-RjUL
Language of cataloging eng
041 1# - LANGUAGE CODE
Language code of text/sound track or separate title engrus
082 ## - DEWEY DECIMAL CLASSIFICATION NUMBER
Edition number 23
Classification number 302.231
Author mark and year KLP 1964
100 1# - MAIN ENTRY--PERSONAL NAME
Personal name Klepko, V.
9 (RLIN) 32590
245 12 - TITLE STATEMENT
Title A practical handbook on stress in Russian /
Statement of responsibility, etc. [by] V. Klepko. [Translated from the Russian by V. Korotky. Edited by R. Dixon]
250 ## - EDITION STATEMENT
Edition statement 2nd ed.
260 ## - PUBLICATION, DISTRIBUTION, ETC. (IMPRINT)
Place of publication, distribution, etc. Moscow :
Name of publisher, distributor, etc. Progress Publishers,
Date of publication, distribution, etc. [1964]
300 ## - PHYSICAL DESCRIPTION
Pagination 149 p. ;
Size 21 cm.
650 #0 - SUBJECT ADDED ENTRY--TOPICAL TERM
Topical term or geographic name as entry element Russian language
General subdivision Accents and accentuation.
9 (RLIN) 32591
942 ## - ADDED ENTRY ELEMENTS (KOHA)
Source of classification or shelving scheme Dewey Decimal Classification
Koha item type Books
Holdings
Lost status Source of classification or shelving scheme Damaged status Not for loan Collection code Permanent Location Current Location Shelving location Date acquired Source of acquisition Cost, normal purchase price Total Checkouts Full call number Date last seen Copy number Koha item type
  Dewey Decimal Classification   Not For Loan Non-fiction Central Library, University of Rajshahi Central Library, University of Rajshahi Reading Room 12/06/1965 Zeitlinger 15.00   302.231 KLP 1964 25/01/2014 C-1 Books